Missing Mergers: Songs to Movies Quiz Stats

 Plays Quiz Updated Apr 21, 2016

Challenge
Share
Tweet
Embed
Score 0/30 Timer 06:00
0 Plays Today
% Correct
Bottle
97.4%
Mary
96.9%
Deep
96.5%
Hotel
96.5%
Black
96.2%
Car
93.6%
Christmas
92%
Up
91.8%
Bad
91.4%
Rising
90.4%
Dark
90.4%
Magic
89.6%
Midnight
89.4%
Life
89.2%
City
88.6%
% Correct
House
86.8%
Morning
86.5%
Feeling
86.3%
Baby
85.1%
Road
84.2%
Detroit
83%
Young
81.7%
Duck
81.4%
Mystic
77.6%
Superman
77.2%
Man
74.3%
Woman
70.1%
Cat
65.6%
Spider
65.4%
Boys
64.1%

You're not logged in!

Compare scores with friends on all Sporcle quizzes.
OR
Log In

You Might Also Like...

Show Comments

Extras

Top Quizzes Today


Score Distribution

Your Account Isn't Verified!

In order to create a playlist on Sporcle, you need to verify the email address you used during registration. Go to your Sporcle Settings to finish the process.

Report this User

Report this user for behavior that violates our Community Guidelines.

Details: